Daisy Miller / (Record no. 197797)

MARC details
000 -LEADER
campo de control de longitud fija 01357nam a2200373 i 4500
001 - NÚMERO DE CONTROL
campo de control 197797
003 - IDENTIFICADOR DE NÚMERO DE CONTROL
campo de control SpMaBN
005 - FECHA Y HORA DE LA ÚLTIMA TRANSACCIÓN
campo de control 20250910063137.0
008 - DATOS DE LONGITUD FIJA--INFORMACIÓN GENERAL
campo de control de longitud fija 250812s2023 sp | |||| 000 f spa
015 ## - NÚMERO DE BIBLIOGRAFÍA NACIONAL
Número de bibliografía nacional MON23
017 ## - NÚMERO DE COPYRIGHT O DE DEPÓSITO LEGAL
Número de copyright o de depósito legal M 25739-2023
Agencia que asigna Oficina Depósito Legal Madrid
020 ## - NÚMERO INTERNACIONAL ESTÁNDAR DEL LIBRO
Número Internacional Estándar del Libro 9788418765650
035 ## - NÚMERO DE CONTROL DEL SISTEMA
Número de control de sistema (SpMaBN)a7368125
040 ## - FUENTE DE CATALOGACIÓN
Centro catalogador/agencia de origen SpMaBN
Lengua de catalogación spa
Centro/agencia transcriptor SpMaBN
Normas de descripción rda
080 ## - NÚMERO DE LA CLASIFICACIÓN DECIMAL UNIVERSAL
Número de la Clasificación Decimal Universal 821.111-31"18"
100 1# - ENTRADA PRINCIPAL--NOMBRE DE PERSONA
Nombre de persona James, Henry,
Fechas asociadas al nombre 1843-1916
9 (RLIN) 242228
Término indicativo de función/relación Autor
240 10 - TÍTULO UNIFORME
Título uniforme Daisy Miller
Lenguaje de la obra Español
245 10 - MENCIÓN DEL TÍTULO
Título Daisy Miller /
Mención de responsabilidad, etc. Henry James ; traducción e introducción, Juan-Jose Marcos García.
250 ## - MENCION DE EDICION
Mención de edición Primera edición: octubre, 2023
264 #1 - PRODUCCIÓN, PUBLICACIÓN, DISTRIBUCIÓN, FABRICACIÓN Y COPYRIGHT
Producción, publicación, distribución, fabricación y copyright Algete, Madrid :
Nombre del de productor, editor, distribuidor, fabricante Mestas Ediciones,
Fecha de producción, publicación, distribución, fabricación o copyright [2023].
300 ## - DESCRIPCIÓN FÍSICA
Extensión 93 páginas ;
Dimensiones 19 cm.
336 ## - TIPO DE CONTENIDO
Término de tipo de contenido Texto
Fuente rdacontent
337 ## - TIPO DE MEDIO
Nombre/término del tipo de medio sin mediación
Fuente rdamedia
338 ## - TIPO DE SOPORTE
Nombre/término del tipo de soporte volumen
Fuente rdacarrier
490 1# - MENCIÓN DE SERIE
Mención de serie Selección clásicos universales
655 #7 - TERMINO DE INDIZACIÓN--GENERO/FORMA
Datos o término principal de género/forma Novelas sociales
9 (RLIN) 234402
Fuente del término tgfbne
700 1# - ENTRADA AGREGADA--NOMBRE PERSONAL
Nombre de persona Marcos García, Juan-José,
Fechas asociadas al nombre 1963-
9 (RLIN) 241748
Término indicativo de función/relación Traductor
852 ## - LOCALIZACIÓN
Ubicación ES-MaACL
Ubicación en estantería Depósito J
Número de control de estantería N-10649
Encuadernación Encuadernación rústica
itemnumber 206772
Donativo/Legado Donación: Editorial
942 ## - ELEMENTOS DE ENTRADA SECUNDARIOS (KOHA)
Tipo de ítem Koha Libro impreso
Suprimir en OPAC No
Holdings
Estatus retirado Estado de pérdida Fuente del sistema de clasificación o colocación Estado de daño No para préstamo Biblioteca de origen Biblioteca actual Ubicación en estantería Fecha de adquisición Fuente de adquisición Total de préstamos Signatura topográfica completa Código de barras Visto por última vez Precio de reemplazo Tipo de ítem Koha
    Clasificación decimal universal     Biblioteca del Ateneo de Madrid Biblioteca del Ateneo de Madrid Depósito J 08/09/2025 Donación   N-10649 2025-1148 08/09/2025 08/09/2025 Libro impreso